|
|
|
|
| LEADER |
00000nam0a2200000 4500 |
| 001 |
286711 |
| 005 |
20231101235923.0 |
| 035 |
|
|
|a (RuTPU)RU\TPU\book\311044
|
| 090 |
|
|
|a 286711
|
| 100 |
|
|
|a 20150310d1968 m y0rusy50 ca
|
| 101 |
0 |
|
|a rus
|
| 102 |
|
|
|a RU
|
| 105 |
|
|
|a a z 000zy
|
| 200 |
1 |
|
|a Вечный огонь: павшим в борьбе за город Ленинград посвящается
|e фотоальбом
|
| 210 |
|
|
|a Ленинград
|c Художник РСФСР
|d 1968
|
| 215 |
|
|
|a 66 с.
|c ил.
|
| 606 |
1 |
|
|a Ленинград
|x Оборона
|z 1941-1944
|2 stltpush
|3 (RuTPU)RU\TPU\subj\66728
|9 82779
|
| 610 |
1 |
|
|a Великая Отечественная война 1941-1945
|
| 610 |
1 |
|
|a история
|
| 610 |
1 |
|
|a 20 век
|
| 610 |
1 |
|
|a Ленинградская блокада
|
| 610 |
1 |
|
|a мемориальные ансамбли
|
| 610 |
1 |
|
|a фотоальбомы
|
| 686 |
|
|
|a Т3(2)622,11(2-2СПб)
|v LBC/SL-A
|2 rubbk
|
| 801 |
|
1 |
|a RU
|b 63413507
|c 20150310
|
| 801 |
|
2 |
|a RU
|b 63413507
|c 20170320
|g RCR
|
| 942 |
|
|
|c BK
|